Infectious keratitis caused by Aspergillus tubingensis

Elmentve itt :
Bibliográfiai részletek
Szerzők: Kredics László
Varga János
Kocsubé Sándor
Rajaraman Revathi
Anita Raghavan
Dóczi Ilona
Bhaskar Madhavan
Németh Tibor Mihály
Antal Zsuzsanna
Venkatapathy Narendran
Vágvölgyi Csaba
Samson Robert A.
Chockaiya Manoharan
Palanisamy Manikandan
Dokumentumtípus: Cikk
Megjelent: Lippincott Williams & Wilkins 2009
Sorozat:Cornea 28 No. 8
doi:10.1097/ICO.0b013e3181967098

mtmt:1895183
Online Access:http://publicatio.bibl.u-szeged.hu/391
LEADER 01164nab a2200349 i 4500
001 publ391
005 20180629130252.0
008 120421s2009 hu o 0|| zxx d
022 |a 0277-3740 
024 7 |a 10.1097/ICO.0b013e3181967098  |2 doi 
024 7 |a 1895183  |2 mtmt 
040 |a SZTE Publicatio Repozitórium  |b hun 
041 |a zxx 
100 1 |a Kredics László 
245 1 0 |a Infectious keratitis caused by Aspergillus tubingensis  |h [elektronikus dokumentum] /  |c  Kredics László 
260 |a Lippincott Williams & Wilkins  |c 2009 
300 |a 951-954 
490 0 |a Cornea  |v 28 No. 8 
700 0 1 |a Varga János  |e aut 
700 0 1 |a Kocsubé Sándor  |e aut 
700 0 1 |a Rajaraman Revathi  |e aut 
700 0 1 |a Anita Raghavan  |e aut 
700 0 1 |a Dóczi Ilona  |e aut 
700 0 1 |a Bhaskar Madhavan  |e aut 
700 0 1 |a Németh Tibor Mihály  |e aut 
700 0 1 |a Antal Zsuzsanna  |e aut 
700 0 1 |a Venkatapathy Narendran  |e aut 
700 0 1 |a Vágvölgyi Csaba  |e aut 
700 0 1 |a Samson Robert A.  |e aut 
700 0 1 |a Chockaiya Manoharan  |e aut 
700 0 1 |a Palanisamy Manikandan  |e aut 
856 4 0 |u http://publicatio.bibl.u-szeged.hu/391/1/cornea2009.pdf  |z Dokumentum-elérés